Ukraine : Recent Economic Developments.

This paper reviews economic developments in Ukraine during 1991-95. In October 1994, Ukraine finally embarked upon a comprehensive program of economic reform and stabilization. Although the efforts made in late 1994 were far reaching, the short-term results were not encouraging: inflation remained s...

Popoln opis

Bibliografske podrobnosti
Korporativna značnica: International Monetary Fund
Format: Revija
Jezik:English
Izdano: Washington, D.C. : International Monetary Fund, 1996.
Serija:IMF Staff Country Reports; Country Report ; No. 1996/021
Online dostop:Full text available on IMF
LEADER 01641cas a2200241 a 4500
001 AALejournalIMF007675
008 230101c9999 xx r poo 0 0eng d
020 |c 5.00 USD 
020 |z 9781451838916 
022 |a 1934-7685 
040 |a BD-DhAAL  |c BD-DhAAL 
110 2 |a International Monetary Fund. 
245 1 0 |a Ukraine :   |b Recent Economic Developments. 
264 1 |a Washington, D.C. :  |b International Monetary Fund,  |c 1996. 
300 |a 1 online resource (148 pages) 
490 1 |a IMF Staff Country Reports 
500 |a <strong>Off-Campus Access:</strong> No User ID or Password Required 
500 |a <strong>On-Campus Access:</strong> No User ID or Password Required 
506 |a Electronic access restricted to authorized BRAC University faculty, staff and students 
520 3 |a This paper reviews economic developments in Ukraine during 1991-95. In October 1994, Ukraine finally embarked upon a comprehensive program of economic reform and stabilization. Although the efforts made in late 1994 were far reaching, the short-term results were not encouraging: inflation remained stubbornly high, the exchange rate weak, activity declined, and the rate of accumulation of external arrears dangerously rapid. By the first half of 1995, the performance .of the economy was more encouraging. Inflation slowed to monthly rates of about 5 percent. Exports to western markets also expanded strongly. 
538 |a Mode of access: Internet 
830 0 |a IMF Staff Country Reports; Country Report ;  |v No. 1996/021 
856 4 0 |z Full text available on IMF  |u http://elibrary.imf.org/view/journals/002/1996/021/002.1996.issue-021-en.xml  |z IMF e-Library